[Event "Geneve Bois Gentil op"]
[Site "Geneve"]
[Date "2022.02.04"]
[Round "3"]
[White "Kupalov, Igor"]
[Black "Babel, Ludovic"]
[Result "1-0"]
[WhiteElo "1984"]
[BlackElo "1548"]
[PlyCount "33"]
[EventDate "2022.01.14"]
[EventType "swiss"]
[EventRounds "7"]
[EventCountry "SUI"]
[SourceTitle "EXT 2023"]
[Source "ChessBase"]
[SourceDate "2022.10.05"]
[SourceVersion "1"]
[SourceVersionDate "2022.10.05"]
[SourceQuality "1"]

1. d4 Nf6 2. Nf3 g6 3. Nbd2 Bg7 4. e4 d6 5. h3 Nbd7 6. Bc4 0-0 7. Qe2 e5 8. c3 exd4 9. cxd4 Re8 10. 0-0 d5 11. Bb3 Nxe4 12. Bxd5 Ng3 13. Bxf7+ Kxf7 14. Qc4+ Kf8 15. fxg3 Nf6 16. Ng5 Qe7 17. Nxh7# 1-0

[Event "Geneve Bois Gentil op"]
[Site "Geneve"]
[Date "2022.01.14"]
[Round "1"]
[White "Babel, Ludovic"]
[Black "Shahmammadli, Safkhan"]
[Result "0-1"]
[WhiteElo "1548"]
[BlackElo "2032"]
[PlyCount "100"]
[EventDate "2022.01.14"]
[EventType "swiss"]
[EventRounds "7"]
[EventCountry "SUI"]
[SourceTitle "EXT 2023"]
[Source "ChessBase"]
[SourceDate "2022.10.05"]
[SourceVersion "1"]
[SourceVersionDate "2022.10.05"]
[SourceQuality "1"]

1. d4 Nf6 2. e3 g6 3. f4 Bg7 4. Nf3 0-0 5. Bd3 b6 6. 0-0 Bb7 7. Nbd2 d6 8. c3 c5 9. Qe1 Nc6 10. Ne4 e6 11. Qh4 c4 12. Bc2 Nxd4 13. Nfg5 Bxe4 14. Bxe4 Ne2+ 15. Kh1 d5 16. Bxg6 hxg6 17. Bd2 Re8 18. Rae1 Ng3+ 19. Qxg3 Ne4 20. Nxe4 dxe4 21. Rd1 Re7 22. Qe1 Rd7 23. g4 Rd5 24. Bc1 Rd3 25. g5 Qd5 26. Rd2 Rd8 27. Rff2 Qc5 28. Rfe2 b5 29. a3 a5 30. Kg2 Qb6 31. Kg3 R8d5 32. Kg2 Qd6 33. Qf2 Qc5 34. Kh1 Qb6 35. Qg2 Qd6 36. Kg1 b4 37. axb4 axb4 38. cxb4 Qxb4 39. h4 Rxd2 40. Bxd2 Qxb2 41. Be1 Qb1 42. Kh2 c3 43. Qf2 Rd1 44. Bxc3 Bxc3 45. Rc2 Rd3 46. Qg2 Rxe3 47. Qf2 Qe1 48. Qxe1 Bxe1 49. Rc8+ Kg7 50. Rc4 Bxh4 0-1

[Event "Geneve Bois Gentil op"]
[Site "Geneve"]
[Date "2020.01.10"]
[Round "1"]
[White "Babel, Ludovic"]
[Black "Rincon, Jose Maria"]
[Result "0-1"]
[WhiteElo "1568"]
[BlackElo "1901"]
[PlyCount "120"]
[EventDate "2020.01.10"]
[EventType "swiss"]
[EventRounds "7"]
[EventCountry "SUI"]
[SourceTitle "CBM 195 Extra"]
[Source "ChessBase"]
[SourceDate "2020.05.31"]
[SourceVersion "1"]
[SourceVersionDate "2020.05.31"]
[SourceQuality "1"]

1. e4 c5 2. Nf3 Nc6 3. d3 g6 4. g3 Bg7 5. Bg2 Nf6 6. 0-0 0-0 7. Nbd2 d5 8. Re1 dxe4 9. dxe4 Qc7 10. Nf1 Rd8 11. Qe2 Bg4 12. c3 Ne5 13. Bf4 Nfd7 14. Ne3 Bxf3 15. Bxf3 e6 16. Bg2 c4 17. Rad1 b5 18. h4 Qa5 19. Bxe5 Nxe5 20. a3 Nd3 21. Rf1 Rac8 22. Rd2 Bh6 23. f4 Qb6 24. Kh2 Bg7 25. e5 h5 26. Rfd1 Bf8 27. Be4 Nc5 28. Rxd8 Rxd8 29. Rxd8 Qxd8 30. Bg2 Qb6 31. Nd1 Na4 32. g4 Qd8 33. Kg3 hxg4 34. Qxg4 Qd3+ 35. Qf3 Qb1 36. h5 Nxb2 37. Nxb2 Qxb2 38. hxg6 fxg6 39. Bh3 Qxa3 40. Bxe6+ Kg7 41. Qb7+ Qe7 42. Qc6 Qc5 43. Qb7+ Qe7 44. Qc6 a5 45. Bd5 g5 46. Qxb5 gxf4+ 47. Kxf4 Qh4+ 48. Ke3 Qe1+ 49. Kd4 Be7 50. Bxc4 Qd2+ 51. Bd3 Qf4+ 52. Be4 Qd2+ 53. Kc4 Qe2+ 54. Bd3 Qa2+ 55. Qb3 Qa1 56. Kb5 a4 57. Qxa4 Qxc3 58. Qg4+ Kf8 59. Qf5+ Ke8 60. Qc8+ Qxc8 0-1

[Event "Geneve Bois Gentil op"]
[Site "Geneve"]
[Date "2019.01.18"]
[Round "2"]
[White "Babel, Ludovic"]
[Black "Vederhus, Alf"]
[Result "1-0"]
[WhiteElo "1643"]
[BlackElo "1497"]
[PlyCount "115"]
[EventDate "2019.01.11"]
[EventType "swiss"]
[EventRounds "7"]
[EventCountry "SUI"]
[SourceTitle "CBM 189 Extra"]
[Source "ChessBase"]
[SourceDate "2019.06.03"]
[SourceVersion "1"]
[SourceVersionDate "2019.06.03"]
[SourceQuality "1"]

1. d4 d5 2. e3 c6 3. f4 Nf6 4. Bd3 Bg4 5. Nf3 e6 6. 0-0 g6 7. Nbd2 Bg7 8. Qe1 Bxf3 9. Nxf3 Nbd7 10. c3 0-0 11. Qh4 h6 12. g4 Nh7 13. g5 h5 14. e4 dxe4 15. Bxe4 Qb6 16. Ne5 Nxe5 17. fxe5 c5 18. Qf2 cxd4 19. cxd4 Rab8 20. Be3 Qd8 21. h4 b6 22. Rac1 Rc8 23. Bc6 Qe7 24. Bd2 a5 25. a3 Rfd8 26. b4 a4 27. Bxa4 Ra8 28. Bc6 Rxa3 29. b5 Ra4 30. Bc3 Qa7 31. Ra1 Rxa1 32. Rxa1 Qc7 33. Bb4 Bf8 34. Bxf8 Nxf8 35. Ra8 Rxa8 36. Bxa8 Nd7 37. Qe3 Qc2 38. Qf2 Qd1+ 39. Kg2 Qg4+ 40. Kh2 Qd1 41. Bc6 Nb8 42. Be8 f5 43. gxf6 Kf8 44. f7 Qg4 45. Qf6 Qe2+ 46. Kg3 Qe3+ 47. Kg2 Qe2+ 48. Qf2 Qe4+ 49. Kf1 Qd3+ 50. Ke1 Qe4+ 51. Kd2 Qb1 52. Qe3 Qb2+ 53. Kd3 Qb3+ 54. Ke2 Qc2+ 55. Kf3 Qd1+ 56. Kf2 Qc2+ 57. Kg3 g5 58. Qa3+ 1-0

[Event "Geneve Bois Gentil op"]
[Site "Geneve"]
[Date "2019.01.11"]
[Round "1"]
[White "Schmid, Pablo"]
[Black "Babel, Ludovic"]
[Result "1-0"]
[WhiteElo "2180"]
[BlackElo "1643"]
[PlyCount "53"]
[EventDate "2019.01.11"]
[EventType "swiss"]
[EventRounds "7"]
[EventCountry "SUI"]
[SourceTitle "CBM 189 Extra"]
[Source "ChessBase"]
[SourceDate "2019.06.03"]
[SourceVersion "1"]
[SourceVersionDate "2019.06.03"]
[SourceQuality "1"]

1. e4 e5 2. Nf3 Nc6 3. Bc4 Bc5 4. d3 Nf6 5. c3 d6 6. a4 a5 7. Na3 Be6 8. Bxe6 fxe6 9. Qb3 Qc8 10. Nc2 0-0 11. Be3 Bxe3 12. Nxe3 Qd7 13. Ng5 Nd8 14. h4 h6 15. Nh3 Kf7 16. f4 exf4 17. Nxf4 g5 18. hxg5 hxg5 19. Nh3 Rg8 20. 0-0-0 Ke7 21. Rdf1 Nf7 22. Qc2 Raf8 23. Rf2 Kd8 24. Rxf6 g4 25. Nf4 Qe7 26. Nxe6+ Kc8 27. Nd5 1-0

[Event "Bois Gentil op"]
[Site "Geneve"]
[Date "2016.02.26"]
[Round "6"]
[White "Babel, Ludovic"]
[Black "Lesquereux, Nicolas"]
[Result "1/2-1/2"]
[WhiteElo "1476"]
[BlackElo "1677"]
[PlyCount "114"]
[EventDate "2016.01.15"]
[EventType "swiss"]
[EventRounds "7"]
[EventCountry "SUI"]
[SourceTitle "EXT 2017"]
[Source "ChessBase"]
[SourceDate "2016.10.25"]
[SourceVersion "1"]
[SourceVersionDate "2016.10.25"]
[SourceQuality "1"]

1. e4 e5 2. Nf3 Nc6 3. Bb5 d6 4. c3 Nf6 5. 0-0 Nxe4 6. Re1 Nf6 7. d4 Bd7 8. dxe5 Nxe5 9. Nxe5 dxe5 10. Rxe5+ Be7 11. Bxd7+ Nxd7 12. Rd5 Qc8 13. Qe2 Kf8 14. Be3 c6 15. Rd1 Bf6 16. Nd2 g6 17. Ne4 Bg7 18. Nd6 Qc7 19. Rd3 Ne5 20. Bc5 Kg8 21. Re3 b6 22. Bd4 Qxd6 23. Bxe5 Bxe5 24. Rxe5 Kg7 25. Rd1 Qf6 26. Re7 Rhd8 27. Rdd7 Rxd7 28. Rxd7 Qf5 29. Qd2 Re8 30. Qd4+ Qe5 31. Kf1 a5 32. Rd6 Qxd4 33. Rxd4 Re6 34. b4 axb4 35. cxb4 f5 36. Rd7+ Kh6 37. a4 Re4 38. Rc7 Rxb4 39. Rxc6 Kg5 40. g3 h5 41. h4+ Kh6 42. f4 Rb2 43. Rc7 Ra2 44. Rb7 Rb2 45. Rc7 Ra2 46. Rb7 Rxa4 47. Rxb6 Ra7 48. Ke2 Kg7 49. Re6 Kf7 50. Re3 Kf6 51. Kd3 Ra4 52. Kc3 Ra3+ 53. Kd4 Rxe3 54. Kxe3 Ke6 55. Kd4 Kd6 56. Kc4 Kc6 57. Kd4 Kd6 1/2-1/2

[Event "Bois Gentil op"]
[Site "Geneve"]
[Date "2016.01.29"]
[Round "3"]
[White "Babel, Ludovic"]
[Black "Sharaf, Amr"]
[Result "0-1"]
[WhiteElo "1476"]
[BlackElo "1590"]
[PlyCount "54"]
[EventDate "2016.01.15"]
[EventType "swiss"]
[EventRounds "7"]
[EventCountry "SUI"]
[SourceTitle "EXT 2017"]
[Source "ChessBase"]
[SourceDate "2016.10.25"]
[SourceVersion "1"]
[SourceVersionDate "2016.10.25"]
[SourceQuality "1"]

1. e4 c5 2. Nf3 Nc6 3. d4 cxd4 4. Nxd4 e6 5. Be2 Bb4+ 6. Bd2 Bc5 7. Bc3 Qh4 8. g3 Qxe4 9. Nf3 e5 10. 0-0 d6 11. Bc4 Qxc4 12. Nbd2 Qd5 13. Qe2 Nf6 14. Rad1 Bg4 15. h3 Bxh3 16. Rfe1 Bg4 17. Ne4 Qe6 18. Qd3 0-0-0 19. Nfg5 Qf5 20. Rd2 Nxe4 21. Nxe4 Bd4 22. Bxd4 Nxd4 23. c3 Nf3+ 24. Kf1 Nxd2+ 25. Qxd2 Qh5 26. f3 Qh1+ 27. Ke2 Qxf3# 0-1

[Event "Bois Gentil op"]
[Site "Geneve"]
[Date "2016.01.15"]
[Round "1"]
[White "Babel, Ludovic"]
[Black "Cattin, Jean Pierre"]
[Result "0-1"]
[WhiteElo "1476"]
[BlackElo "1924"]
[PlyCount "62"]
[EventDate "2016.01.15"]
[EventType "swiss"]
[EventRounds "7"]
[EventCountry "SUI"]
[SourceTitle "EXT 2017"]
[Source "ChessBase"]
[SourceDate "2016.10.25"]
[SourceVersion "1"]
[SourceVersionDate "2016.10.25"]
[SourceQuality "1"]

1. e4 c5 2. Nf3 d6 3. d4 cxd4 4. Nxd4 Nf6 5. Nc3 a6 6. Be2 e5 7. Nb3 Be6 8. Be3 Be7 9. 0-0 0-0 10. Qd2 Qc7 11. Nd5 Bxd5 12. exd5 Nbd7 13. f4 Rac8 14. Rac1 Nb6 15. Bxb6 Qxb6+ 16. Nd4 Qxd4+ 17. Qxd4 exd4 18. Bf3 Nd7 19. Bg4 Rc7 20. Rf3 Nf6 21. Rg3 Nxd5 22. Rb3 Nxf4 23. Kf1 Bg5 24. Rd1 Bf6 25. Bf5 Re8 26. g3 Nd5 27. c3 Ne3+ 28. Ke1 Nxf5+ 29. Kd2 dxc3+ 30. bxc3 Bg5+ 31. Kc2 Ne3+ 0-1